Catálogo
 En Linea

Tarifas de salarios mínimos nacionales aprobadas por el Comité Nacional de Salarios / (Registro nro. 37475)

Detalles MARC
000 -CABECERA
campo de control de longitud fija 01792nam a2200217 a 4500
001 - NÚMERO DE CONTROL
campo de control 000037985
005 - FECHA Y HORA DE LA ÚLTIMA TRANSACCIÓN
campo de control 20201002031139.0
008 - DATOS DE LONGITUD FIJA--INFORMACIÓN GENERAL
campo de control de longitud fija 090609s2000 dr 000 0 spa d
040 ## - FUENTE DE LA CATALOGACIÓN
Centro catalogador/agencia de origen DO-SdBNP
Lengua de catalogación spa
Centro/agencia transcriptor BNPHU
082 ## - NÚMERO DE LA CLASIFICACIÓN DECIMAL DEWEY
Número de clasificación 344.0121
Número de documento/Ítem R426t
049 ## - FONDOS LOCALES (OCLC)
Fondos de biblioteca BNPD
110 1# - ENTRADA PRINCIPAL--NOMBRE DE ENTIDAD CORPORATIVA
Nombre de entidad corporativa o nombre de jurisdicción como elemento de entrada República Dominicana.
Unidad subordinada Secretaría de Estado de Trabajo
9 (RLIN) 491
245 10 - MENCIÓN DE TÍTULO
Título Tarifas de salarios mínimos nacionales aprobadas por el Comité Nacional de Salarios /
Mención de responsabilidad, etc. prólogo Altagracia Español Yaport.
260 ## - PUBLICACIÓN, DISTRIBUCIÓN, ETC.
Lugar de publicación, distribución, etc. Santo Domingo :
Nombre del editor, distribuidor, etc. Secretaría de Estado de Trabajo,
Fecha de publicación, distribución, etc. 2000.
300 ## - DESCRIPCIÓN FÍSICA
Extensión 149 p. ;
Dimensiones 21cm.
500 ## - NOTA GENERAL
Nota general Incluye referencias bibliográficas y notas al pie de las páginas
505 0# - NOTA DE CONTENIDO CON FORMATO
Nota de contenido con formato 1. Prólogo --
Título 2. Resolución no. 4-94 de fecha 15/8/94 --
-- 3. Resolución no. 3-98 de fecha 22/5 /98 --
-- 4. Resolución no. 3- 99 de fecha 3/5/99--
-- 5. Resolución no. 5-99 de fecha 26/5/99 --
-- 6. Resolución no. 7-99 de fecha 9/6/99 --
-- 7. Resolución no. 8-99 de fecha 9/16/99 --
-- 8. Resolución no. 2-2000 de fecha 3/4 /2000--
-- 9. Resolución no. 3-2000 de fecha 8/11/2000 --
-- 10. Resolución no. 4-2000 de fecha 29/11/2000 --
-- 11. Resolución no. 2-2001 de fecha 13/2/2001 --
-- 12. Resolución no. 3-2001 de fecha 23/2/2001--
-- 13. Resolución no. 4-2001 de fecha 8/3/2001 --
-- 14. Resolución no. 5-2001 de fecha 8/3/2001--
-- 15. Resolución no. 5-2001 de fecha 15/3/2001 --
-- 16. Resolución no. 7-2001 de fecha 31/5/2001 --
-- 17. Resolución no. 9-2001 de fecha 17/10/2001 --
-- 18. Resolución no. 1-2001 de fecha29/01/2002 --
-- 19. Resumen de las leyes y resoluciones que fijan los salarios mínimos nacionales --
650 #4 - PUNTO DE ACCESO ADICIONAL DE MATERIA--TÉRMINO DE MATERIA
Término de materia o nombre geográfico como elemento de entrada Salarios
Subdivisión general Legislación
Subdivisión geográfica República Dominicana
9 (RLIN) 3215
650 #4 - PUNTO DE ACCESO ADICIONAL DE MATERIA--TÉRMINO DE MATERIA
Término de materia o nombre geográfico como elemento de entrada Salario mínimo
Subdivisión general Legislación
Subdivisión geográfica República Dominicana
9 (RLIN) 3216
700 1# - PUNTO DE ACCESO ADICIONAL--NOMBRE DE PERSONA
Nombre de persona Español Yaport, Altagracia
Término indicativo de función/relación pról.
9 (RLIN) 64395
Existencias
Estado de retiro Estado de pérdida No para préstamo Código de colección Localización permanente Ubicación/localización actual Ubicación en estantería Fecha de adquisición Número de inventario Total de préstamos Signatura topográfica completa Código de barras Fecha visto por última vez Precio válido a partir de Tipo de ítem Koha
      Patrimonio Dominicano Patrimonio Dominicano Patrimonio Dominicano Orden iniciada 11.03.2013 LF1   344.0121 R426t 37985-10 25.06.2020 25.06.2020 Libro y Folleto Colección Patrimonio Dominicano

Con tecnología Koha